000 00286cam a22000977a 4500
008 180718b1962 xxu||||| |||| 00| 0 eng d
082 _aL2703x5421 Ut8m
245 _aThe Uttar Pradesh sales tax manual
260 _aAllahabad
_bSuperintendent, Printing and Stationery
_c1962
300 _a99p.
999 _c500387
_d500387